000 00306nam a2200133Ia 4500
100 _aSchildt/Herbert
942 _cBK
654 _aTurbo C++
245 _aTurbo C++ for Windows : Inside out
260 _bObsorne/ McGraw - Hill
_aNew Delhi
_c1992
300 _a423
546 _aENGLISH
999 _c20400
_d20400